| 000 | 00675cam a22002531 4500 | ||
|---|---|---|---|
| 001 | 9305526 | ||
| 003 | NUST - PNEC | ||
| 005 | 20170116181103.0 | ||
| 008 | 770909s1951 enka 000 0 eng | ||
| 010 | _a 51008560 | ||
| 015 | _aGB51-6682 | ||
| 035 | _a(OCoLC)3253776 | ||
| 040 |
_aDLC _cLIBRARY _dUk _dDLC |
||
| 042 | _apremarc | ||
| 050 | 0 | 0 |
_aVM731 _b.B85 |
| 082 | _a621.12 BRO | ||
| 100 | 1 | _aBrown, Peter Thomas. | |
| 245 | 1 | 0 | _aSurvey of marine machinery and boilers. |
| 260 |
_aLondon, _bC. Griffin _c[1951] |
||
| 300 |
_a151 p. _billus. _c20 cm. |
||
| 650 | 0 |
_aMarine engines. _xME |
|
| 906 |
_a7 _bcbc _coclcrpl _du _encip _f19 _gy-gencatlg |
||
| 942 |
_2ddc _cBK |
||
| 999 |
_c68855 _d68855 |
||